000 00550nam a22001697a 4500
005 20251108165812.0
008 250721s1968 xx 000 0 ara d
082 1 4 _aم/503/معج
245 1 0 _aالمعجم العلمي المصور /
246 1 1 _ascience dictionary comptons illustrate
264 1 _aالقاهرة :
_bالجامعة الأمريكية - قسم النشر،
_c1968.
300 _a633 p كشاف 1- 46 ص ، صور توضيحية
650 1 7 _aالعلم
650 1 7 _aالقواميس
942 _2ddc
_cREF
999 _c31670
_d31670